Normal view
MARC view
- Kamen Ira
Entry Personal Name
001 - CONTROL NUMBER
- control field: 105754
003 - CONTROL NUMBER IDENTIFIER
- control field: NUST
005 - DATE AND TIME OF LATEST TRANSACTION
- control field: 20221223120322.0
008 - FIXED-LENGTH DATA ELEMENTS
- fixed length control field: 221223|| aca||aabn | a|a d
040 ## - CATALOGING SOURCE
- Original cataloging agency: NUST
- Transcribing agency: NUST
100 ## - HEADING--PERSONAL NAME
- Personal name: Kamen Ira
670 ## - SOURCE DATA FOUND
- Source citation: Work cat.: (NUST)183266: Kamen Ira, TV and Electronics as a Career /, 1951
